| 000 | 00338cam a22001217a 4500 | ||
|---|---|---|---|
| 008 | 180718b1980 xxu||||| |||| 00| 0 eng d | ||
| 082 | _aXA 068 x54 k45 | ||
| 245 |
_aSurvey on housing and employment _cBy Govt. of Kerala |
||
| 260 |
_aTrivandrum _bGovt. of Kerala _c1980 |
||
| 300 | _a42p. | ||
| 650 | _aLabor camps | ||
| 650 | _aMigrant labor | ||
| 999 |
_c414005 _d414005 |
||